[Event "54th Reggio Emilia w"]
[Site "Reggio Emilia ITA"]
[Date "2012.01.05"]
[Round "9"]
[White "Videnova, I."]
[Black "Guramishvili, S."]
[Result "0-1"]
[WhiteElo "2297"]
[BlackElo "2374"]
[PlyCount "120"]
[EventDate "2011.12.27"]

1. e4 e5 2. Nf3 Nc6 3. Bc4 Nf6 4. Ng5 d5 5. exd5 Na5 6. Bb5+ c6 7. dxc6 bxc6 8.
Be2 h6 9. Nf3 e4 10. Ne5 Bd6 11. d4 exd3 12. Nxd3 O-O 13. b3 c5 14. O-O Qc7 15.
h3 c4 16. bxc4 Nxc4 17. a4 Bf5 18. Nd2 Nxd2 19. Bxd2 Rac8 20. Ne1 Be5 21. Ra3
Ne4 22. Bd3 Nxd2 23. Qxd2 Be6 24. Nf3 Bb2 25. Rb3 Bxb3 26. cxb3 Bf6 27. Bc4
Rcd8 28. Qc2 Qf4 29. a5 Rd6 30. a6 Bd8 31. Qe2 Bb6 32. Kh1 Qf6 33. Ne5 Rd4 34.
Nxf7 Rxc4 35. Nxh6+ Qxh6 36. Qxc4+ Kh8 37. f4 Qd6 38. b4 Bc7 39. b5 Bb6 40. Qe2
Qc5 41. Kh2 Bc7 42. Kh1 Rb8 43. g3 Qxb5 44. Qxb5 Rxb5 45. Rc1 Bb6 46. Ra1 Rb2
47. Ra4 Kg8 48. g4 Kf7 49. h4 g6 50. f5 gxf5 51. Rf4 Rf2 52. Rc4 f4 53. g5 Kg6
54. Rc6+ Kh5 55. g6 Kh6 56. h5 f3 57. Rc8 Rf1+ 58. Kh2 f2 59. Rh8+ Kg7 60. Rh7+
Kg8 0-1

[Event "54th Reggio Emilia w"]
[Site "Reggio Emilia ITA"]
[Date "2012.01.06"]
[Round "10"]
[White "Chierici, M."]
[Black "Videnova, I."]
[Result "0-1"]
[WhiteElo "2048"]
[BlackElo "2297"]
[PlyCount "90"]
[EventDate "2011.12.27"]

1. e4 c5 2. c3 d5 3. exd5 Qxd5 4. d4 g6 5. Nf3 Bg7 6. Na3 cxd4 7. Bc4 Qe4+ 8.
Be3 Nh6 9. Bd3 Qd5 10. Nb5 Na6 11. cxd4 O-O 12. Nc3 Qa5 13. a3 Nf5 14. O-O Rd8
15. b4 Qb6 16. Na4 Qd6 17. Rc1 Nc7 18. Be4 Nd5 19. Qd3 Nfxe3 20. fxe3 Bh6 21.
Bxd5 Qxd5 22. Rc5 Bf5 23. Qc3 Qd7 24. Nb2 b6 25. Ne5 Qe8 26. Rc6 Rac8 27. b5 f6
28. Qb3+ Kg7 29. Rxc8 Rxc8 30. Nc6 Qd7 31. d5 Be4 32. Rd1 Qg4 33. Rd2 Rc7 34.
Nd1 Rd7 35. Nb4 e6 36. d6 Rxd6 37. Qc3 Rxd2 38. Qxd2 e5 39. h3 Qc8 40. Qd6 Qf8
41. Qc7+ Qf7 42. Qb8 Qd7 43. Nc3 Bxe3+ 44. Kh2 Bf4+ 45. Kg1 Qd4+ 0-1

[Event "54th Reggio Emilia w"]
[Site "Reggio Emilia ITA"]
[Date "2012.01.06"]
[Round "10"]
[White "Guramishvili, S."]
[Black "Sharevich, A."]
[Result "1/2-1/2"]
[WhiteElo "2374"]
[BlackElo "2267"]
[PlyCount "38"]
[EventDate "2011.12.27"]

1. d4 d5 2. c4 e6 3. Nc3 Be7 4. cxd5 exd5 5. Bf4 Nf6 6. e3 O-O 7. Bd3 c5 8.
dxc5 Bxc5 9. Nf3 Nc6 10. O-O h6 11. Rc1 Be7 12. h3 a6 13. Bb1 Be6 14. Nd4 Nxd4
15. Qxd4 Rc8 16. Rcd1 Rc4 17. Qd3 Qc8 18. Ne2 Rd8 19. Nd4 Qd7 1/2-1/2

[Event "54th Reggio Emilia w"]
[Site "Reggio Emilia ITA"]
[Date "2012.01.06"]
[Round "10"]
[White "De Rosa, M."]
[Black "Brunello, M."]
[Result "0-1"]
[WhiteElo "2122"]
[BlackElo "2221"]
[PlyCount "66"]
[EventDate "2011.12.27"]

1. e4 c5 2. Nf3 d6 3. d4 cxd4 4. Nxd4 Nf6 5. Nc3 a6 6. Qf3 e6 7. b3 Qb6 8. Nde2
Nc6 9. Ng3 Be7 10. Bb2 Bd7 11. O-O-O Rc8 12. h3 Qa5 13. Kb1 b5 14. Nh5 Nxh5 15.
Qxh5 Bf6 16. e5 Bxe5 17. Ne4 O-O 18. Bd3 f5 19. Bxe5 Nxe5 20. Nxd6 Rc7 21. g4
Qc3 22. gxf5 Nxd3 23. cxd3 exf5 24. d4 Qb4 25. Ne4 fxe4 26. Qd5+ Kh8 27. Qe5
Qc3 28. Rhg1 Bf5 29. Rc1 e3+ 30. Qxf5 Qxc1+ 31. Rxc1 Rxc1+ 32. Kxc1 Rxf5 33.
fxe3 Rf2 0-1